En Yakın Altı Ülke - Portekiz - Statistics

General Stats
  • This quiz has been taken 442 times
  • The average score is 3 of 6
Answer Stats
km ülke % Correct
0 İspanya
99%
412 Fransa
85%
202 Fas
71%
520 Cezayir
40%
637 Andorra
34%
879 Birleşik Krallık
8%
No matching quizzes found
Score Distribution
Percent of People with Each Score
Percentile by Number Answered
Your Score History
You have not taken this quiz